[Event "63.Camp. Veneto Quarti di Finale"]
[Site "Arquà Petrarca ITA"]
[Date "2003.05.10"]
[Round "4.2"]
[White "Fregonese, Giulio"]
[Black "Tiengo, Davide"]
[Result "1-0"]
[WhiteElo "2136"]
[BlackElo "1958"]
[Annotator "Gabriele Ballarin"]
[PlyCount "57"]
[EventDate "2003.05.03"]
[EventType "swiss"]
[EventRounds "6"]
[EventCountry "ITA"]

1. e4 e6 2. d4 d5 3. Nd2 Nf6 4. e5 Nfd7 5. c3 c5 6. Bd3 Nc6 7. Ne2 cxd4 8. cxd4 Qb6 9. Nf3 f6 10. exf6 Nxf6 11. O-O Bd6 12. Nc3 O-O 13. Be3 Nb4 14. Bb1 Bd7 15. Ne5 Rad8 16. a3 Nc6 17. b4 a6 18. Bd3 Kh8 19. Rc1 Nxd4 20. Nxd7 Rxd7 21. Bxh7 Kxh7 22. Bxd4 Qd8 23. f4 Qe8 24. Qd3+ Kg8 25. Rce1 Qf7 26. Qh3 Re8 27. Re3 Bb8 28. Qh4 Qg6 29. Rg3 1-0

[Event "63.Camp. Veneto Quarti di Finale"]
[Site "Arquà Petrarca ITA"]
[Date "2003.05.10"]
[Round "4.3"]
[White "Pechy, Alaster"]
[Black "Solinas, Carlo"]
[Result "1-0"]
[WhiteElo "2115"]
[BlackElo "2089"]
[Annotator "Gabriele Ballarin"]
[PlyCount "89"]
[EventDate "2003.05.03"]
[EventType "swiss"]
[EventRounds "6"]
[EventCountry "ITA"]

1. c4 Nf6 2. Nc3 g6 3. d4 Bg7 4. e4 d6 5. f3 O-O 6. Be3 Nc6 7. Nge2 a6 8. Qd2 Rb8 9. Nc1 e5 10. d5 Nd4 11. N1e2 c5 12. dxc6 Nxc6 13. Nc1 b5 14. cxb5 axb5 15. Bxb5 Nd4 16. Bc4 Rb4 17. b3 Be6 18. Bxe6 fxe6 19. O-O Nh5 20. N3e2 Qa5 21. a3 Rb5 22. Qxa5 Rxa5 23. Nxd4 exd4 24. Bd2 Rc5 25. Nd3 Rc2 26. Bb4 Rc3 27. Bxc3 dxc3 28. Kf2 Bd4+ 29. Ke2 d5 30. Rac1 Ra8 31. a4 Rb8 32. b4 g5 33. Rc2 g4 34. fxg4 Nf6 35. Rxf6 Bxf6 36. e5 Be7 37. Rxc3 Bxb4 38. Rb3 Bd6 39. Rxb8+ Bxb8 40. a5 Kf7 41. a6 Ke7 42. h4 Ba7 43. g5 Kf7 44. h5 Ke7 45. Nb4 1-0

[Event "63.Camp. Veneto Quarti di Finale"]
[Site "Arquà Petrarca ITA"]
[Date "2003.05.10"]
[Round "4.4"]
[White "Quaranta, Cristiano"]
[Black "Cacco, Christian"]
[Result "0-1"]
[WhiteElo "1858"]
[BlackElo "2312"]
[Annotator "Gabriele Ballarin"]
[PlyCount "52"]
[EventDate "2003.05.03"]
[EventType "swiss"]
[EventRounds "6"]
[EventCountry "ITA"]

1. d4 c5 2. d5 e5 3. e4 d6 4. Nc3 Be7 5. Be2 Nf6 6. Nf3 O-O 7. O-O Ne8 8. Nd2 g6 9. Nc4 Nd7 10. f4 exf4 11. Bxf4 Nb6 12. Ne3 Bf6 13. Ng4 Bxg4 14. Bxg4 Nc4 15. Bh6 Ng7 16. Qf3 Bd4+ 17. Kh1 Qh4 18. Bxg7 Kxg7 19. g3 Qe7 20. Rfe1 Nxb2 21. Nb5 Be5 22. Qb3 a6 23. Nc3 b5 24. Rab1 Nc4 25. Rbd1 Qg5 26. Be2 Nd2 0-1

[Event "63.Camp. Veneto Quarti di Finale"]
[Site "Arquà Petrarca ITA"]
[Date "2003.05.10"]
[Round "4.5"]
[White "Rossi, Damiano"]
[Black "Danieli, Enrico"]
[Result "1-0"]
[WhiteElo "1849"]
[BlackElo "2120"]
[Annotator "Gabriele Ballarin"]
[PlyCount "101"]
[EventDate "2003.05.03"]
[EventType "swiss"]
[EventRounds "6"]
[EventCountry "ITA"]

1. d4 Nf6 2. Nf3 e6 3. c4 d5 4. Nc3 Be7 5. b3 O-O 6. e3 b6 7. Bd3 Bb7 8. cxd5 exd5 9. O-O c5 10. Bb2 Nc6 11. dxc5 bxc5 12. Rc1 Rc8 13. Bf5 Rb8 14. Na4 Ba6 15. Bd3 Bxd3 16. Qxd3 Nb4 17. Qe2 Nxa2 18. Rc2 Nb4 19. Bxf6 gxf6 20. Rcc1 Qc8 21. Nd4 Kh8 22. Qf3 Nd3 23. Rc3 Ne5 24. Qxd5 Qd8 25. Qxd8 Rfxd8 26. Nxc5 Rbc8 27. Ne4 Rxc3 28. Nxc3 Bc5 29. Nce2 h6 30. Rc1 Bb6 31. g3 Kh7 32. Nc6 Rd2 33. Nxe5 fxe5 34. Nc3 Kg6 35. Ne4 Rb2 36. Rc6+ Kg7 37. Nc5 f6 38. Nd7 Rxb3 39. Nxf6 a5 40. Nd5 a4 41. Nxb6 a3 42. Rc7+ Kg6 43. Ra7 Rxb6 44. Rxa3 Kf5 45. Kg2 Rb5 46. Ra6 Kg5 47. h4+ Kh5 48. Kh3 Rb4 49. g4+ Rxg4 50. Rxh6+ Kxh6 51. Kxg4 1-0

[Event "63.Camp. Veneto Quarti di Finale"]
[Site "Arquà Petrarca ITA"]
[Date "2003.05.10"]
[Round "4.6"]
[White "Genocchio, Daniele"]
[Black "Guclu, Yaman"]
[Result "1-0"]
[WhiteElo "2352"]
[BlackElo "1771"]
[Annotator "Gabriele Ballarin"]
[PlyCount "47"]
[EventDate "2003.05.03"]
[EventType "swiss"]
[EventRounds "6"]
[EventCountry "ITA"]

1. d4 Nf6 2. Bg5 c5 3. d5 Qb6 4. Bxf6 gxf6 5. Qc1 Bg7 6. Na3 d6 7. e4 O-O 8. Nc4 Qc7 9. Ne3 e6 10. Nh3 Bh6 11. g3 Re8 12. Nf4 f5 13. exf5 Bxf4 14. gxf4 exd5 15. Qd1 Qa5+ 16. c3 d4 17. Rg1+ Kf8 18. Qh5 dxe3 19. f6 Re6 20. Qh6+ Ke8 21. Rg8+ Kd7 22. Qf8 exf2+ 23. Kxf2 Qc7 24. Bb5+ 1-0

[Event "63.Camp. Veneto Quarti di Finale"]
[Site "Arquà Petrarca ITA"]
[Date "2003.05.10"]
[Round "4.7"]
[White "Zangrando, Gianpietro"]
[Black "Rossato, Armando"]
[Result "0-1"]
[WhiteElo "1650"]
[BlackElo "2192"]
[Annotator "Gabriele Ballarin"]
[PlyCount "66"]
[EventDate "2003.05.03"]
[EventType "swiss"]
[EventRounds "6"]
[EventCountry "ITA"]

1. Nf3 f5 2. c4 d6 3. d4 Nf6 4. Nc3 g6 5. g3 Bg7 6. Bg2 O-O 7. O-O c6 8. Re1 Qe8 9. e4 fxe4 10. Nxe4 Nxe4 11. Rxe4 Bf5 12. Re1 Nd7 13. Bf4 Qf7 14. Qe2 e5 15. dxe5 dxe5 16. Bxe5 Rae8 17. Ng5 Qe7 18. Bxg7 Qxg5 19. Qxe8 Rxe8 20. Rxe8+ Kxg7 21. Rae1 Kf7 22. Rh8 Qf6 23. Rxh7+ Kf8 24. h4 Nc5 25. b4 Nd3 26. Re3 Qa1+ 27. Kh2 Nxf2 28. Bf3 Qf1 29. Re2 Qh3+ 30. Kg1 Qxg3+ 31. Bg2 Nh3+ 32. Kh1 Qc3 33. Kh2 Nf4 0-1

[Event "63.Camp. Veneto Quarti di Finale"]
[Site "Arquà Petrarca ITA"]
[Date "2003.05.10"]
[Round "4.8"]
[White "Giuriati, Paolo"]
[Black "Ferrari, Mario"]
[Result "1-0"]
[WhiteElo "2160"]
[BlackElo "1662"]
[Annotator "Gabriele Ballarin"]
[PlyCount "63"]
[EventDate "2003.05.03"]
[EventType "swiss"]
[EventRounds "6"]
[EventCountry "ITA"]

1. d4 Nf6 2. Nf3 g6 3. Bf4 Bg7 4. e3 c5 5. c4 d6 6. h3 Nbd7 7. Nc3 Nh5 8. Bh2 Qa5 9. Be2 cxd4 10. exd4 O-O 11. O-O Nhf6 12. Re1 d5 13. c5 a6 14. a3 Qd8 15. b4 e6 16. Bf1 Nh5 17. Qd2 Nb8 18. Rab1 Nc6 19. a4 Bd7 20. b5 axb5 21. axb5 Na5 22. Ne5 Nf6 23. Qc2 Re8 24. Na4 Ne4 25. Nb6 Bxe5 26. Bxe5 Ra7 27. Ra1 f6 28. Bh2 Qe7 29. f3 Nxc5 30. Qxc5 Qxc5 31. dxc5 Re7 32. Bb8 1-0

[Event "63.Camp. Veneto Quarti di Finale"]
[Site "Arquà Petrarca ITA"]
[Date "2003.05.10"]
[Round "4.9"]
[White "Boscolo, Michele"]
[Black "Navarro, Emanuele"]
[Result "0-1"]
[WhiteElo "1638"]
[BlackElo "2145"]
[Annotator "Gabriele Ballarin"]
[PlyCount "56"]
[EventDate "2003.05.03"]
[EventType "swiss"]
[EventRounds "6"]
[EventCountry "ITA"]

1. d4 d6 2. Nf3 Bg4 3. e3 Nf6 4. Nbd2 Nbd7 5. Be2 e5 6. dxe5 dxe5 7. O-O Bd6 8. Ng5 Bf5 9. Bf3 Rb8 10. Nge4 Nxe4 11. Bxe4 Bg6 12. Bxg6 hxg6 13. Ne4 Be7 14. Bd2 f5 15. Ng3 Bd6 16. Re1 Qh4 17. Nf1 e4 18. g3 Qh3 19. Bc3 Kf8 20. Qd5 Re8 21. Rad1 g5 22. Qxb7 f4 23. exf4 gxf4 24. gxf4 Re6 25. Rxd6 cxd6 26. Bxg7+ Kxg7 27. Qxd7+ Kf6 28. Rd1 Qg4+ 0-1

[Event "63.Camp. Veneto Quarti di Finale"]
[Site "Arquà Petrarca ITA"]
[Date "2003.05.10"]
[Round "4.10"]
[White "Sanavio, Giancarlo"]
[Black "Giuriato, Sergio"]
[Result "1-0"]
[WhiteElo "1564"]
[BlackElo "2023"]
[Annotator "Gabriele Ballarin"]
[PlyCount "47"]
[EventDate "2003.05.03"]
[EventType "swiss"]
[EventRounds "6"]
[EventCountry "ITA"]

1. Nf3 Nf6 2. c4 c5 3. Nc3 Nc6 4. g3 d5 5. cxd5 Nxd5 6. Bg2 Nc7 7. O-O e5 8. a3 Be7 9. b4 cxb4 10. axb4 Bxb4 11. Nxe5 Bxc3 12. Nxc6 Qf6 13. Rxa7 Bd7 14. Rxb7 Bxc6 15. Rxc7 Bxg2 16. dxc3 Bc6 17. Qd4 Qxd4 18. cxd4 Bb5 19. Ba3 Kd8 20. Bd6 Bxe2 21. Re1 Re8 22. Rxf7 Ra6 23. Be5 Bb5 24. Rb1 1-0

[Event "63.Camp. Veneto Quarti di Finale"]
[Site "Arquà Petrarca ITA"]
[Date "2003.05.10"]
[Round "4.11"]
[White "Valentini, Luca"]
[Black "Baracchi, Filippo"]
[Result "0-1"]
[WhiteElo "1800"]
[BlackElo "1801"]
[Annotator "Gabriele Ballarin"]
[PlyCount "120"]
[EventDate "2003.05.03"]
[EventType "swiss"]
[EventRounds "6"]
[EventCountry "ITA"]
[SourceTitle "Inf 22"]

1. e4 c5 2. Nf3 Nc6 3. d4 cxd4 4. Nxd4 Nf6 5. Nc3 e5 6. Ndb5 d6 7. Na3 a6 8. Nc4 b5 9. Ne3 Be6 10. g3 Be7 11. Bg2 Qd7 12. O-O Bh3 13. Bxh3 Qxh3 14. Ncd5 h5 15. Nxf6+ gxf6 16. Nf5 O-O-O 17. Qd5 Kc7 18. f3 Rh7 19. Bd2 Rg8 20. Be1 Rg5 21. Qd3 Rh8 22. Rd1 Rd8 23. Ne3 Qe6 24. a4 b4 25. Qxa6 Qc8 26. Nd5+ Kb8 27. Qb6+ Qb7 28. Qxb7+ Kxb7 29. Bxb4 Nxb4 30. Nxb4 Ra8 31. b3 f5 32. exf5 Rxf5 33. Rd5 Bg5 34. Rb5+ Kc8 35. f4 Be7 36. Nd5 Kd8 37. fxe5 Rxe5 38. Nxe7 Kxe7 39. Rxe5+ dxe5 40. Rf5 Ke6 41. Rxh5 Rc8 42. Rh6+ Kd5 43. c4+ Ke4 44. Rf6 Rb8 45. a5 Rxb3 46. a6 Ra3 47. Kg2 Kd4 48. h4 e4 49. Rxf7 Rxa6 50. Re7 Ra2+ 51. Kh3 Rc2 52. Kg4 Rxc4 53. Kf4 Kd3 54. Rd7+ Ke2 55. h5 e3+ 56. Kg5 Kf3 57. Rd1 Rg4+ 58. Kf6 Rxg3 59. h6 Rh3 60. Kg7 e2 0-1

[Event "63.Camp. Veneto Quarti di Finale"]
[Site "Arquà Petrarca ITA"]
[Date "2003.05.10"]
[Round "4.12"]
[White "Stiz, Massimiliano"]
[Black "Bettera, Roberto"]
[Result "0-1"]
[WhiteElo "1621"]
[BlackElo "1726"]
[Annotator "Gabriele Ballarin"]
[PlyCount "70"]
[EventDate "2003.05.03"]
[EventType "swiss"]
[EventRounds "6"]
[EventCountry "ITA"]

1. b3 e5 2. Bb2 d6 3. e3 Nf6 4. d4 e4 5. d5 g6 6. Ne2 Bg7 7. Ng3 O-O 8. Nc3 Re8 9. Be2 Nbd7 10. Qd2 a5 11. a4 Nc5 12. O-O-O Qe7 13. h4 h5 14. Bb5 Bd7 15. Bxd7 Nfxd7 16. Rh3 Ne5 17. Qe2 f5 18. Nb5 Rac8 19. Nd4 Qf7 20. Ndxf5 gxf5 21. Nxh5 Bh8 22. Bxe5 Bxe5 23. g4 f4 24. f3 Rf8 25. Rf1 Qxd5 26. exf4 Bxf4+ 27. Kb1 Rce8 28. Qb5 c6 29. Qxa5 Bd2 30. Qc7 Rf7 31. Qb6 e3 32. Rh2 e2 33. Rxe2 Rxe2 34. Qd8+ Rf8 35. Nf6+ Kf7 0-1

[Event "63.Camp. Veneto Quarti di Finale"]
[Site "Arquà Petrarca ITA"]
[Date "2003.05.10"]
[Round "4.13"]
[White "Casciello, Dimitri"]
[Black "Negro, Raffaele"]
[Result "1/2-1/2"]
[WhiteElo "1600"]
[BlackElo "1696"]
[Annotator "Gabriele Ballarin"]
[PlyCount "130"]
[EventDate "2003.05.03"]
[EventType "swiss"]
[EventRounds "6"]
[EventCountry "ITA"]

1. e4 d6 2. d4 Nf6 3. Nc3 g6 4. Nf3 Bg7 5. Be2 O-O 6. O-O Bg4 7. h3 Bxf3 8. Bxf3 Nc6 9. Be3 e5 10. d5 Ne7 11. Ne2 Nd7 12. c4 f5 13. Nc3 f4 14. Bc1 Nf6 15. b4 g5 16. a4 Ng6 17. c5 Nh4 18. Bg4 Nxg4 19. Qxg4 Qf6 20. Nb5 Rf7 21. cxd6 cxd6 22. Bd2 a6 23. Na3 Qg6 24. Rac1 h5 25. Rc8+ Kh7 26. Qe6 Rxc8 27. Qxc8 Qxe4 28. Qc2 Qxc2 29. Nxc2 Rc7 30. Na3 Nf5 31. Rd1 Ne7 32. Be1 e4 33. Nb1 Kg6 34. Nd2 Kf5 35. f3 exf3 36. gxf3 Ke5 37. Ne4 Nxd5 38. Bf2 Rc4 39. Nxg5 Nxb4 40. Nf7+ Ke6 41. Nxd6 Rc7 42. Ne8 Rf7 43. Rd6+ Kf5 44. Rb6 Bf8 45. Nd6+ Bxd6 46. Rxd6 Nc6 47. Bh4 Ke5 48. Rh6 Rf5 49. Rh7 b5 50. Rh6 Kd5 51. axb5 axb5 52. Kf1 b4 53. Be1 b3 54. Bc3 Nd4 55. Rb6 Nxf3 56. Rxb3 Ke4 57. Ra3 Ng5 58. h4 Nf3 59. Be1 Nxe1 60. Kxe1 f3 61. Kf2 Rf4 62. Rxf3 Rxh4 63. Kg3 Rg4+ 64. Kf2 Kd4 65. Ra3 Ke4 1/2-1/2

[Event "63.Camp. Veneto Quarti di Finale"]
[Site "Arquà Petrarca ITA"]
[Date "2003.05.10"]
[Round "4.14"]
[White "Quaranta, Gaetano"]
[Black "Velluti, Alberto"]
[Result "1/2-1/2"]
[WhiteElo "1597"]
[BlackElo "1646"]
[Annotator "Gabriele Ballarin"]
[PlyCount "36"]
[EventDate "2003.05.03"]
[EventType "swiss"]
[EventRounds "6"]
[EventCountry "ITA"]

1. e4 c5 2. d4 cxd4 3. c3 d5 4. exd5 Qxd5 5. cxd4 Nc6 6. Nf3 e5 7. Nc3 Bb4 8. Bd2 Bxc3 9. Bxc3 exd4 10. Nxd4 Nf6 11. Be2 O-O 12. O-O Ne4 13. Nxc6 Qxc6 14. Rc1 Nxc3 15. Rxc3 Qf6 16. Qc1 Be6 17. Bc4 Rac8 18. Bxe6 Qxe6 1/2-1/2

[Event "63.Camp. Veneto Quarti di Finale"]
[Site "Arquà Petrarca ITA"]
[Date "2003.05.10"]
[Round "4.15"]
[White "Cecchetto, Vanni"]
[Black "Calicchia, Giovanni"]
[Result "1-0"]
[WhiteElo "2051"]
[BlackElo "1690"]
[Annotator "Gabriele Ballarin"]
[PlyCount "71"]
[EventDate "2003.05.03"]
[EventType "swiss"]
[EventRounds "6"]
[EventCountry "ITA"]

1. c4 Nf6 2. Nc3 g6 3. g3 Bg7 4. Bg2 O-O 5. e3 c5 6. Nge2 Nc6 7. O-O e6 8. d4 cxd4 9. exd4 d5 10. cxd5 Nxd5 11. a3 Nxc3 12. bxc3 Bd7 13. Rb1 b6 14. c4 Rc8 15. c5 bxc5 16. dxc5 Ne7 17. Rb7 Rc7 18. c6 Rxb7 19. cxb7 Qc7 20. Bf4 e5 21. Be3 Bc6 22. Qb3 Bxg2 23. Kxg2 Rb8 24. Rb1 Nc6 25. Rc1 Qd7 26. Qb5 Qxb7 27. Qxb7 Rxb7 28. Rxc6 h5 29. Ra6 Rb2 30. Nc3 Rb3 31. Nd5 Rd3 32. Nb4 Rb3 33. Rxa7 f5 34. Bg5 e4 35. Nd5 Rb2 36. Re7 1-0

[Event "63.Camp. Veneto Quarti di Finale"]
[Site "Arquà Petrarca ITA"]
[Date "2003.05.10"]
[Round "4.16"]
[White "Roberti, Ignazio"]
[Black "Morganti, Lionello"]
[Result "1-0"]
[WhiteElo "2001"]
[BlackElo "1636"]
[Annotator "Gabriele Ballarin"]
[PlyCount "61"]
[EventDate "2003.05.03"]
[EventType "swiss"]
[EventRounds "6"]
[EventCountry "ITA"]

1. Nf3 Nf6 2. b3 g6 3. Bb2 Bg7 4. e3 c5 5. Be2 Nc6 6. O-O d5 7. Ne5 Nxe5 8. Bxe5 O-O 9. d3 Nd7 10. Bxg7 Kxg7 11. d4 e6 12. dxc5 Nxc5 13. Nd2 b6 14. Bf3 Ba6 15. c4 Bb7 16. Qc2 dxc4 17. Bxb7 Nxb7 18. Nxc4 Rc8 19. Qb2+ Kg8 20. Rfd1 Qe7 21. Rd2 Rfd8 22. Rad1 Rxd2 23. Rxd2 Rd8 24. h3 Rxd2 25. Qxd2 f6 26. Qd4 Kf7 27. e4 h5 28. e5 f5 29. a4 Qc5 30. Qd7+ Qe7 31. Qxb7 1-0

[Event "63.Camp. Veneto Quarti di Finale"]
[Site "Arquà Petrarca ITA"]
[Date "2003.05.10"]
[Round "4.17"]
[White "Renier, Renzo"]
[Black "Fracasso Pezzolato, Michele"]
[Result "1-0"]
[WhiteElo "1845"]
[BlackElo "1630"]
[Annotator "Gabriele Ballarin"]
[PlyCount "57"]
[EventDate "2003.05.03"]
[EventType "swiss"]
[EventRounds "6"]
[EventCountry "ITA"]

1. e4 e5 2. Nf3 Nc6 3. Bb5 d6 4. d4 exd4 5. Qxd4 Bd7 6. Bxc6 Bxc6 7. Nc3 Nf6 8. Bg5 h6 9. Bh4 g5 10. Bg3 Bg7 11. O-O-O Nh5 12. Qe3 Nxg3 13. hxg3 Qf6 14. Nd4 Bd7 15. Nd5 Qd8 16. Nf5 Bxf5 17. exf5+ Kd7 18. Rhe1 Re8 19. Qxe8+ Qxe8 20. Rxe8 Rxe8 21. c3 Re2 22. Rd2 Re1+ 23. Kc2 h5 24. Kd3 c6 25. Ne3 d5 26. Nc2 Rb1 27. Ne3 Kd6 28. Nc4+ dxc4+ 29. Kc2+ 1-0

[Event "63.Camp. Veneto Quarti di Finale"]
[Site "Arquà Petrarca ITA"]
[Date "2003.05.10"]
[Round "4.18"]
[White "Fabiano, Manuel"]
[Black "Ribon, Andrea"]
[Result "0-1"]
[WhiteElo "1600"]
[BlackElo "1791"]
[Annotator "Gabriele Ballarin"]
[PlyCount "68"]
[EventDate "2003.05.03"]
[EventType "swiss"]
[EventRounds "6"]
[EventCountry "ITA"]

1. d4 Nf6 2. Nf3 e6 3. Bf4 c5 4. c3 Qb6 5. Qb3 Nc6 6. e3 d5 7. Nbd2 Be7 8. Be2 O-O 9. h3 Na5 10. Qc2 cxd4 11. exd4 Bd7 12. O-O Bb5 13. Rfe1 Rac8 14. Bd3 Bxd3 15. Qxd3 Qxb2 16. Reb1 Qxc3 17. Qb5 a6 18. Qb6 Nd7 19. Qb2 Qxb2 20. Rxb2 b5 21. a4 b4 22. Ne1 Nc4 23. Rb3 a5 24. Nd3 Nxd2 25. Bxd2 Rc2 26. Rd1 Rfc8 27. Rbb1 Nb6 28. Ra1 Nc4 29. Bf4 Nb2 30. Nxb2 Rxb2 31. Rdc1 Rbc2 32. Rxc2 Rxc2 33. Bb8 b3 34. Ba7 b2 0-1

[Event "63.Camp. Veneto Quarti di Finale"]
[Site "Arquà Petrarca ITA"]
[Date "2003.05.10"]
[Round "4.19"]
[White "Trangoni, Bruno"]
[Black "Cipolotti, Piersilvio"]
[Result "1-0"]
[WhiteElo "1725"]
[BlackElo "1612"]
[Annotator "Gabriele Ballarin"]
[PlyCount "47"]
[EventDate "2003.05.03"]
[EventType "swiss"]
[EventRounds "6"]
[EventCountry "ITA"]

1. f4 Nc6 2. Nf3 d5 3. e3 Bg4 4. h3 Bxf3 5. Qxf3 e6 6. d4 a6 7. c3 Nf6 8. Bd3 Qd7 9. Nd2 O-O-O 10. b4 Bxb4 11. cxb4 Nxb4 12. Qe2 Nh5 13. Kf2 Qe7 14. Nf3 Nxd3+ 15. Qxd3 h6 16. Ba3 Qe8 17. Rab1 f5 18. Rxb7 Qc6 19. Ra7 Qb5 20. Qc2 Qc4 21. Qxc4 dxc4 22. Ne5 c3 23. Rb1 c5 24. Nc6 1-0

[Event "63.Camp. Veneto Quarti di Finale"]
[Site "Arquà Petrarca ITA"]
[Date "2003.05.10"]
[Round "4.20"]
[White "Maniero, Riccardo"]
[Black "Gomez de Ayala, Paolo"]
[Result "1/2-1/2"]
[WhiteElo "1696"]
[BlackElo "1692"]
[Annotator "Gabriele Ballarin"]
[PlyCount "42"]
[EventDate "2003.05.03"]
[EventType "swiss"]
[EventRounds "6"]
[EventCountry "ITA"]

1. e4 d6 2. d4 Nf6 3. Nc3 g6 4. Bg5 Bg7 5. Qd2 h6 6. Bh4 c6 7. f4 Qa5 8. Nf3 b5 9. Bd3 Ba6 10. O-O b4 11. Ne2 Bxd3 12. Qxd3 Nbd7 13. a3 c5 14. e5 Nd5 15. exd6 e6 16. Ne5 cxd4 17. Nxg6 Nc5 18. axb4 Qxb4 19. Qg3 Ne4 20. Qd3 Nc5 21. Qg3 Ne4 1/2-1/2

[Event "63.Camp. Veneto Quarti di Finale"]
[Site "Arquà Petrarca ITA"]
[Date "2003.05.10"]
[Round "4.21"]
[White "Marson, Luca"]
[Black "Ballarin, Gabriele"]
[Result "1/2-1/2"]
[WhiteElo "1690"]
[BlackElo "1582"]
[Annotator "Gabriele Ballarin"]
[PlyCount "86"]
[EventDate "2003.05.03"]
[EventType "swiss"]
[EventRounds "6"]
[EventCountry "ITA"]
[SourceTitle "Inf 22"]

1. e4 c5 2. Nf3 e6 3. d4 cxd4 4. Nxd4 Nf6 5. Bd3 e5 6. Nb5 d5 7. exd5 a6 8. N5c3 Nxd5 9. O-O Be6 10. Nxd5 Bxd5 11. Nc3 Be6 12. Qe2 Nc6 13. Rd1 Qc7 14. Be3 Be7 15. Be4 Nb4 16. a3 f5 17. axb4 fxe4 18. Nxe4 Bxb4 19. Ng5 Bf5 20. Qh5+ Bg6 21. Qh4 Be7 22. Qa4+ b5 23. Ne6 Qc6 24. Qg4 Kf7 25. Ng5+ Bxg5 26. Bxg5 Rhc8 27. Rd7+ Kg8 28. c3 Bf7 29. Bh4 Qe6 30. Qxe6 Bxe6 31. Rd6 Bc4 32. f3 a5 33. Kf2 a4 34. Ke3 Rf8 35. Bg3 Rae8 36. Ke4 Rf6 37. Rad1 Bb3 38. R1d2 Rxd6 39. Rxd6 Bc2+ 40. Ke3 Bb3 41. Bh4 Kf7 42. Rd7+ Kg6 43. Re7 Rxe7 1/2-1/2

[Event "63.Camp. Veneto Quarti di Finale"]
[Site "Arquà Petrarca ITA"]
[Date "2003.05.10"]
[Round "4.22"]
[White "Battiston, Gianfranco"]
[Black "Pomaro, Stefano"]
[Result "0-1"]
[WhiteElo "1564"]
[BlackElo "1626"]
[Annotator "Gabriele Ballarin"]
[PlyCount "83"]
[EventDate "2003.05.03"]
[EventType "swiss"]
[EventRounds "6"]
[EventCountry "ITA"]

1. e4 c6 2. d4 d5 3. exd5 cxd5 4. Nc3 Nc6 5. Nf3 Bg4 6. Be2 Nf6 7. h3 Bxf3 8. Bxf3 e6 9. O-O Be7 10. Re1 Qb6 11. Ne2 O-O 12. c3 Rfc8 13. Nf4 Bd6 14. Nd3 Na5 15. Bg5 Qc7 16. Bxf6 gxf6 17. Bh5 Kh8 18. Qf3 f5 19. Ne5 Bxe5 20. Rxe5 Nc4 21. Re2 Nd6 22. Qf4 Ne4 23. Qh6 Rg8 24. Rae1 Qe7 25. Qf4 Rg7 26. c4 Rag8 27. cxd5 Rxg2+ 28. Kh1 exd5 29. Qxf5 Ng3+ 30. fxg3 Rxe2 31. Rxe2 Qg5 32. Qxg5 Rxg5 33. Bxf7 Rxg3 34. Kh2 Rd3 35. Bxd5 Rxd4 36. Bxb7 Kg7 37. b3 Kf6 38. Be4 h6 39. Kg3 a5 40. Kf4 a4 41. bxa4 Rxa4 42. Rf2 0-1

[Event "63.Camp. Veneto Quarti di Finale"]
[Site "Arquà Petrarca ITA"]
[Date "2003.05.10"]
[Round "4.23"]
[White "Tonus, Alex"]
[Black "Mocellin, Gianfranco"]
[Result "0-1"]
[WhiteElo "1689"]
[BlackElo "1708"]
[Annotator "Gabriele Ballarin"]
[PlyCount "62"]
[EventDate "2003.05.03"]
[EventType "swiss"]
[EventRounds "6"]
[EventCountry "ITA"]

1. e4 d5 2. exd5 Qxd5 3. Nc3 Qd8 4. d4 c6 5. Bc4 Bf5 6. Nge2 e6 7. Ng3 Bg6 8. O-O Nf6 9. a3 Bd6 10. Nce2 Qc7 11. f4 h5 12. f5 exf5 13. Bf4 Nbd7 14. Bxd6 Qxd6 15. Nxf5 Bxf5 16. Rxf5 g6 17. Rf3 O-O 18. Qd3 Kg7 19. Raf1 Nd5 20. Ng3 f5 21. Qd2 h4 22. Nh5+ gxh5 23. Qg5+ Qg6 24. Qxh4 Kh6 25. Bxd5 cxd5 26. Rg3 Qf6 27. Qf4+ Kh7 28. Rg5 Rf7 29. Qh4 Raf8 30. Rf3 f4 31. Rxf4 Qxd4+ 0-1

[Event "63.Camp. Veneto Quarti di Finale"]
[Site "Arquà Petrarca ITA"]
[Date "2003.05.10"]
[Round "4.24"]
[White "Navarro, Tommaso"]
[Black "De Nard, Stefano"]
[Result "0-1"]
[WhiteElo "1552"]
[BlackElo "1569"]
[Annotator "Gabriele Ballarin"]
[PlyCount "76"]
[EventDate "2003.05.03"]
[EventType "swiss"]
[EventRounds "6"]
[EventCountry "ITA"]

1. e4 c5 2. d4 cxd4 3. c3 dxc3 4. Nxc3 Nc6 5. Nf3 d6 6. Be3 g6 7. Be2 Bg7 8. Rc1 Nf6 9. O-O O-O 10. Qb3 b6 11. Bb5 Na5 12. Qb4 Bd7 13. e5 Ne8 14. exd6 Nxd6 15. a4 Nc6 16. Rfd1 Nxb4 17. Bxd7 Qxd7 18. Nb5 Rac8 19. Rb1 Qf5 20. Nbd4 Qe4 21. Ng5 Qb7 22. Ndf3 h6 23. Nh3 Nf5 24. Bd2 Nd5 25. g4 Nd6 26. g5 h5 27. Nh4 Qd7 28. Kg2 Qg4+ 29. Kh1 Qxh3 30. Ng2 Ne4 31. Kg1 Rfd8 32. a5 Qf5 33. Be1 Nxg5 34. axb6 axb6 35. b4 Nc3 36. Rxd8+ Rxd8 37. Rb3 Nh3+ 38. Kf1 Qd3# 0-1

[Event "63.Camp. Veneto Quarti di Finale"]
[Site "Arquà Petrarca ITA"]
[Date "2003.05.10"]
[Round "4.25"]
[White "Zambon, Roberto"]
[Black "Zanirato, Stefano"]
[Result "0-1"]
[WhiteElo "1537"]
[BlackElo "1716"]
[Annotator "Gabriele Ballarin"]
[PlyCount "94"]
[EventDate "2003.05.03"]
[EventType "swiss"]
[EventRounds "6"]
[EventCountry "ITA"]

1. d4 Nf6 2. c4 e6 3. Nf3 b6 4. g3 Bb7 5. Bg2 Bb4+ 6. Bd2 Bxd2+ 7. Nbxd2 O-O 8. O-O d5 9. cxd5 exd5 10. Rc1 Nbd7 11. Re1 Re8 12. Nb1 Ne4 13. Nc3 c6 14. e3 Ndf6 15. Nd2 Nxd2 16. Qxd2 Qd7 17. f3 Rad8 18. Rcd1 c5 19. Qf2 Bc6 20. e4 cxd4 21. Rxd4 Qc7 22. Nxd5 Bxd5 23. exd5 Qc5 24. Rxe8+ Rxe8 25. Rd1 Qxf2+ 26. Kxf2 Rd8 27. f4 Ng4+ 28. Kg1 Ne3 29. Rd4 Nxg2 30. Kxg2 Kf8 31. Kf3 f5 32. Ke3 Ke7 33. Kd3 Kd6 34. b4 b5 35. Kc3 Re8 36. Kd2 Rc8 37. Kd3 Rc1 38. Ke3 Rc2 39. Rd2 Rxd2 40. Kxd2 Kxd5 41. Kd3 h6 42. h3 h5 43. a4 bxa4 44. Kc3 a3 45. Kb3 Ke4 46. Kxa3 h4 47. g4 fxg4 0-1